Aesthetica in nuce
Tallennettuna:
| Päätekijä: | |
|---|---|
| Aineistotyyppi: | Kirja |
| Kieli: | Undetermined |
| Julkaistu: |
Buenos Aires, Argentina
Inter Americana
1943
|
| Aiheet: | |
| Tagit: |
Lisää tagi
Ei tageja, Lisää ensimmäinen tagi!
|
MARC
| LEADER | 00000nam a2200000Ia 4500 | ||
|---|---|---|---|
| 008 | 170316s9999 xx 000 0 und d | ||
| 999 | |c 15941 |d 15941 | ||
| 040 | |a cru BVZT | ||
| 090 | |a 100 C-48a | ||
| 100 | |a Santa Croce, Benedetto | ||
| 245 | |a Aesthetica in nuce | ||
| 260 | |a Buenos Aires, Argentina | ||
| 260 | |b Inter Americana | ||
| 260 | |c 1943 | ||
| 300 | |a 157 páginas | ||
| 650 | |a FILOSOFÍA |9 5 | ||
| 942 | |c LIB |h 100 C-48a |2 z | ||
